000 00842nam a2200253Ia 4500
003 OSt
005 20221005112951.0
006 a|||||r|||| 00| 0
007 ta
008 221004b |||||||| |||| 00| 0 pan d
020 _c125
024 _a11535
037 _b701, 13/06/2013, H.K. Prakashan
_cTextual
040 _aCRL
_cCRL
_bpan
041 _2pan
_apan
082 _aO153,1:g, N0
100 _aਕਾਂਗ, ਜਸਪਾਲ ਰੌਰ
245 0 _aਕਿੱਸਾ ਸੰਵਾਦ
260 _aਦਿੱਲੀ
_bਨਾਨਕ ਸਿੰਘ ਪੁਸਤਕ ਮਾਲਾ ਭਾਰਤ
_c1990
300 _a232ਪੰ
_ccm.
650 _aਪੰਜਾਬੀ ਸਾਹਿਤ
942 _hO153,1:g, N0
_cTEXL
_2cc
999 _c1026601
_d1026601